Country Flags Quiz 2 - Statistics

General Stats
  • This quiz has been taken 17 times
  • The average score is 15 of 16
Answer Stats
Picture Answer % Correct
Turkey
100%
Brazil
92%
Czechia
92%
Georgia
92%
Germany
92%
Ireland
92%
Italy
92%
Malaysia
92%
Pakistan
92%
Poland
92%
Slovenia
92%
Spain
92%
Sweden
92%
Chile
85%
Denmark
85%
Eritrea
85%
No matching quizzes found
Score Distribution
Percent of People with Each Score
Percentile by Number Answered
Your Score History
You have not taken this quiz